00522 2200205 4500001002100000005001500021008004100036020002200077035001900099041000700118082000800125090001400133100001600147700002400163245003200187250001000219260003400229300002100263650003200284INLIS00000000001444720241224114739241224||||||||| | ||| |||| || |  a978-602-8650-76-2 0010-1224014447 aid0 a407 a407 SRI a0 aSri Wahyuni0 aAbd. Syukur Ibrahim00aAsesmen Pembelajaran Bahasa aCet.1 aBandungbRefika Aditamac2012 ax, 162 hlm; 25cm 0aAsesmen Pembelajaran Bahasa